000 01094nam a22002537a 4500
005 20240305165545.0
007 cr|||| |||
008 200520s2020 mx |||||s|||| 00||0 spa d
020 _a978-607-629-497-0
035 _a31504
040 _avLex
090 _c10355
_d10355
100 1 _aPérez Chávez , José
245 1 0 _aCompendio Fiscal Profesional 2020
_h[Recurso electrónico] /
_cJosé Pérez Chávez, Raymundo Fol Olguín
_nTomo II
256 _aServicio en línea
260 _aCiudad de México:
_bTax Editores,
_c2020
300 _a1 recurso electrónico
506 1 _aDisponible solo en los productos indicados
_dvLex Global
_dvLex Global (Academic Edition, excluding Law Schools)
_dvLex Global (U.S. Academic Edition, Law Schools)
_dvLex Global (U.S. Academic Edition, excluding Law Schools)
_dvLex Global (Academic Edition, Law Schools)
650 0 4 _aDerecho Fiscal
_zMéxico
700 1 _aFol Olguín, Raymundo
740 0 _avLex Libros (Servicio en línea)
856 4 0 _uhttps://app.vlex.com/#/sources/compendio-fiscal-profesional-2020-tomo-ii-31504
942 _cRAA
999 _c168591
_d168591